Hiểu đúng đắn Truyện Kiều
Na minha lista:
| Autor principal: | |
|---|---|
| Formato: | Livro |
| Idioma: | Vietnamese |
| Publicado em: |
Đồng Tháp
Ban vận động thành lập Hội văn nghệ Đồng Tháp
1986
|
| Assuntos: | |
| Tags: |
Adicionar Tag
Sem tags, seja o primeiro a adicionar uma tag!
|
| Thư viện lưu trữ: | Trung tâm Học liệu Lê Vũ Hùng, Trường Đại học Đồng Tháp |
|---|
| LEADER | 00887pam a22002898a 4500 | ||
|---|---|---|---|
| 001 | 00032195 | ||
| 005 | 20171026081025.0 | ||
| 008 | 140522s1986 ||||||viesd | ||
| 041 | 0 | # | |a vie |
| 082 | 1 | 4 | |a 895.922 100 9 |b H309Đ |
| 100 | 1 | # | |a Lê, Đình Kỵ |
| 245 | 1 | 0 | |a Hiểu đúng đắn Truyện Kiều |c Lê Đình Kỵ |
| 260 | # | # | |a Đồng Tháp |b Ban vận động thành lập Hội văn nghệ Đồng Tháp |c 1986 |
| 300 | # | # | |a 75 tr. |c 19 cm. |
| 600 | 1 | 4 | |a Nguyễn, Du |
| 653 | # | # | |a Nghiên cứu văn học |
| 653 | # | # | |a Truyện thơ |
| 653 | # | # | |a Việt Nam |
| 653 | # | # | |a Văn học trung đại |
| 852 | # | # | |b Kho đọc |j KD.0015885 |
| 852 | # | # | |j KD.0015885 |
| 910 | |d 22/5/2014 | ||
| 980 | # | # | |a Trung tâm Học liệu Lê Vũ Hùng, Trường Đại học Đồng Tháp |